1425 1673 1817 1350 1003 1397 1458 1535 1496 1107 1998 1080 1791 1039 1480 1360 1958 1569 1408 1861 1432 1519 1939 1529 1711 1826 1951 1639 1681 1952 1061 1065 1345 1793 1553 1165 1913 1874 1739 1285 1039 1157 1017 1732 1475 1859 1996 1555 1558 1094 1002 1094 1945 1766 1371 1133 1162 1401 1087 1878 1816 1098 1660 1152 1001 1328 1507 1918 1390 1136 1735 1172 1561 1076 1705 1211 1691 1332 1964 1568 1732 1968 1318 1691 1569 1470 1097 1200 1215 1307 1231 1441 1828 1272 1257 1756 1737 1227 1609 BCNSPRNW ULIB Ver.6.0+V

เปลี่ยนเป็นภาษาไทย

Change to English
 แสดงรายละเอียดบรรณานุกรม
  กลับหน้าหลัก

Brief Record : Get Marc (ISO 2709) : E-mail record : QR code < ปิดหน้าต่าง
LEADER : 00000nam 2200000uu 4500
001    13399123810
003     ULIB
008    141201s2555||||th 000 0 tha d
020    ^a9786162791123
060 00 ^aWE715^bส463ท
100 0  ^aสุพิน ชมภูพงษ์
245 10 ^aThorax :^bกายวิภาคและการประยุกต์ใช้ทางคลินิก /^cโดยสุพิน ชมภูพงษ์,อัครเดช ศิริพร, สรรใจ แสงวิเชียร
250    ^aพิมพ์ครั้งที่ 3
260    ^aกรุงเทพฯ :^bภาควิชากายวิภาคศาสตร์ คณะแพทยศาสตร์ศิริราชพยาบาลมหาวิทยาลัยมหิดล,^c2555
300    ^aii, 163 หน้า :^bภาพประกอบ
650  2 ^aThorax^xAnatomy & histology
650  0 ^aทรวงอก^eกายวิภาค
650  0 ^aปอด^eกายวิภาค
650  0 ^aหัวใจ^eกายวิภาค
700 00 ^aอัครเดช ศิริพร,^eผู้แต่งรวม
700 00 ^aสรรใจ แสงวิเชียร,^eผู้แต่งรวม
710 20 ^aมหาวิทยาลัยมหิดล.^bภาควิชากายวิภาคศาสตร์
945    ^p190^l0^i22171
945    ^p190^l0^i22172
945    ^p190^l0^i22173
945    ^p190^l0^i22174
945    ^p190^l0^i22175
945    ^p190^l0^i22176
945    ^p190^l0^i22177
945    ^p190^l0^i22178
945    ^p190^l0^i22179
945    ^p190^l0^i22180
945    ^p190^l0^i22181
945    ^p190^l0^i22182
999    ^aทศพร เกษรทอง
รายการนี้ยังไม่มีแท็ก
คุณยังไม่ได้ล็อกอิน คุณสามารถมีกิจกรรมร่วมกับเว็บไซต์ได้ แต่ต้องล็อกอินก่อน ::
  ล็อกอิน

รายการสื่อสารสนเทศ

ลำดับที่ ประเภท เลขเรียก/บาร์โค้ด สถานที่ สถานะ
1. วิทยาศาสตร์การแพทย์ และสุขภาพ
หนังสือสำรอง
สถานะ=หนังสือสำรอง
WE715 ส463ท ฉ.1 
  Barcode: 22171
ห้องสมุดวิทยาเขตนครสวรรค์
►หนังสือทั่วไป:l:General Books
บนชั้น
2. วิทยาศาสตร์การแพทย์ และสุขภาพ
วิทยาศาสตร์การแพทย์ และสุขภาพ
สถานะ=หนังสือเก่า
WE715 ส463ท ฉ.10 
  Barcode: 22180
ห้องสมุดวิทยาเขตนครสวรรค์
►ส่วนจัดเก็บหนังสือเก่า นว.
บนชั้น
  ขอยืม
3. วิทยาศาสตร์การแพทย์ และสุขภาพ
วิทยาศาสตร์การแพทย์ และสุขภาพ
สถานะ=หนังสือเก่า
WE715 ส463ท ฉ.11 
  Barcode: 22181
ห้องสมุดวิทยาเขตนครสวรรค์
►ส่วนจัดเก็บหนังสือเก่า นว.
บนชั้น
  ขอยืม
4. วิทยาศาสตร์การแพทย์ และสุขภาพ
วิทยาศาสตร์การแพทย์ และสุขภาพ
สถานะ=หนังสือเก่า
WE715 ส463ท ฉ.12 
  Barcode: 22182
ห้องสมุดวิทยาเขตนครสวรรค์
►ส่วนจัดเก็บหนังสือเก่า นว.
บนชั้น
  ขอยืม
5. วิทยาศาสตร์การแพทย์ และสุขภาพ
วิทยาศาสตร์การแพทย์ และสุขภาพ
สถานะ=หนังสือเก่า
WE715 ส463ท ฉ.2 
  Barcode: 22172
ห้องสมุดวิทยาเขตนครสวรรค์
►ส่วนจัดเก็บหนังสือเก่า นว.
บนชั้น
  ขอยืม
6. วิทยาศาสตร์การแพทย์ และสุขภาพ
วิทยาศาสตร์การแพทย์ และสุขภาพ
สถานะ=หนังสือเก่า
WE715 ส463ท ฉ.3 
  Barcode: 22173
ห้องสมุดวิทยาเขตนครสวรรค์
►ส่วนจัดเก็บหนังสือเก่า นว.
บนชั้น
  ขอยืม
7. วิทยาศาสตร์การแพทย์ และสุขภาพ
วิทยาศาสตร์การแพทย์ และสุขภาพ
สถานะ=หนังสือเก่า
WE715 ส463ท ฉ.4 
  Barcode: 22174
ห้องสมุดวิทยาเขตนครสวรรค์
►ส่วนจัดเก็บหนังสือเก่า นว.
บนชั้น
  ขอยืม
8. วิทยาศาสตร์การแพทย์ และสุขภาพ
วิทยาศาสตร์การแพทย์ และสุขภาพ
สถานะ=หนังสือเก่า
WE715 ส463ท ฉ.5 
  Barcode: 22175
ห้องสมุดวิทยาเขตนครสวรรค์
►ส่วนจัดเก็บหนังสือเก่า นว.
บนชั้น
  ขอยืม
9. วิทยาศาสตร์การแพทย์ และสุขภาพ
วิทยาศาสตร์การแพทย์ และสุขภาพ
สถานะ=หนังสือเก่า
WE715 ส463ท ฉ.6 
  Barcode: 22176
ห้องสมุดวิทยาเขตนครสวรรค์
►ส่วนจัดเก็บหนังสือเก่า นว.
บนชั้น
  ขอยืม
10. วิทยาศาสตร์การแพทย์ และสุขภาพ
วิทยาศาสตร์การแพทย์ และสุขภาพ
สถานะ=หนังสือเก่า
WE715 ส463ท ฉ.7 
  Barcode: 22177
ห้องสมุดวิทยาเขตนครสวรรค์
►ส่วนจัดเก็บหนังสือเก่า นว.
บนชั้น
  ขอยืม
11. วิทยาศาสตร์การแพทย์ และสุขภาพ
วิทยาศาสตร์การแพทย์ และสุขภาพ
สถานะ=หนังสือเก่า
WE715 ส463ท ฉ.8 
  Barcode: 22178
ห้องสมุดวิทยาเขตนครสวรรค์
►ส่วนจัดเก็บหนังสือเก่า นว.
บนชั้น
  ขอยืม
12. วิทยาศาสตร์การแพทย์ และสุขภาพ
วิทยาศาสตร์การแพทย์ และสุขภาพ
สถานะ=หนังสือเก่า
WE715 ส463ท ฉ.9 
  Barcode: 22179
ห้องสมุดวิทยาเขตนครสวรรค์
►ส่วนจัดเก็บหนังสือเก่า นว.
บนชั้น
  ขอยืม

รายการใกล้เคียง
    ผู้แต่ง [สุพิน ชมภูพงษ์]

BibComment


ยังไม่เคยถูกคอมเมนท์

คอมเมนท์ทรัพยากรรายการนี้
  คอมเมนท์: Thorax กายวิภาค..


 Copyright 2026. Bcnsprnw @Library